Villes du Monde en A - Statistiques

Statistiques générales
  • Ce quiz a été pris 243 fois
  • Le résultat moyen est 9 sur 14
Statistiques - réponses
Pays Population Ville % Correct
Pay-Bas 933K Amsterdam
98%
Grèce 664K Athènes
94%
Algérie 4,32M Alger
93%
Turquie 5,86M Ankara
93%
Côte d'Ivoire 5,61M Abidjan
79%
Egypte 5,36M Alexandrie
69%
Jordanie 4,92M Amman
58%
Paraguay 462K Asuncíon
58%
Émirats arabes unis 2,19M Abu Dhabi
55%
Etats-Unis 520K Atlanta
52%
Australie 1,46M Adelaïde
49%
Mexique 658K Acapulco
39%
Espagne 358K Alicante
34%
France 147K Aix-en-Provence
23%
Aucun quiz correspondant
Distribution des résultats
% des personnes avec chaque résultat
Percentile par nombre de réponses
Votre historique - résultats
Vous n’avez pas pris ce quiz